000 00562nam a2200217Ia 4500
003 OSt
005 20230518111825.0
008 210423s2008 xx 000 0 und d
020 _a978-81-7319-853-3
040 _cAL
041 _aeng
082 _a663.13 SRIF
_223
100 _aSRIVASTAVA (M L).
_9107892
245 _aFermentation technology.
260 _aNew Delhi
_bNarosa Publishing House
_c2008
300 _ax,391
_bPB
365 _b650
_cINR
650 _aBeverage Technology
_9107893
906 _aFermentation ; technology.
942 _2ddc
_cBK
999 _c165052
_d165052